|
|
|
|
| LEADER |
01155cam a2200289 a 4500 |
| 001 |
c000403258 |
| 003 |
CARM |
| 005 |
20190404085638.0 |
| 008 |
190404s1960 cs ac b 000 0dcze d |
| 019 |
1 |
|
|a 20072688
|5 LACONCORD2021
|
| 035 |
|
|
|a (OCoLC)9534096
|5 LACONCORD2021
|
| 040 |
|
|
|a NAMU
|b eng
|
| 082 |
0 |
4 |
|a 570/.92
|2 21
|
| 245 |
0 |
0 |
|a Katalog výstavy Darwinův odkaz dnešku.
|
| 260 |
|
|
|a Praha :
|b [Národní Muzeum v Praze],
|c 1960.
|
| 300 |
|
|
|a 46, [34] p. :
|b ill., ports. ;
|c 21 cm.
|
| 504 |
|
|
|a Includes bibliographic references.
|
| 546 |
|
|
|a Text in Czech; summaries in German and Russian.
|
| 600 |
1 |
0 |
|a Darwin, Charles,
|d 1809-1882
|x Exhibitions.
|
| 610 |
2 |
0 |
|a Národní muzeum v Praze
|x Catalogs.
|
| 710 |
2 |
|
|a Národní muzeum v Praze
|
| 852 |
8 |
|
|b CARM
|i B12727
|p 0653653
|f BK
|
| 852 |
8 |
|
|b SCAN
|h A3:AH08B0
|i B12727
|p 0653653
|f BK
|
| 852 |
8 |
|
|b SCAN
|h A3:AH08B0
|i B12727
|p 0653653
|f BK
|
| 999 |
f |
f |
|i 43cc717f-58d1-501f-b870-89ce4d85f6af
|s fd3b67a4-af2e-5fa0-a3f8-4141082f4010
|
| 952 |
f |
f |
|p Can circulate
|a CAVAL
|b CAVAL
|c CAVAL
|d CARM 1 Store
|e B12727
|h Other scheme
|i book
|m 0653653
|
| 952 |
f |
f |
|a CAVAL
|b CAVAL
|c CAVAL
|d Unmapped Location
|e B12727
|f A3:AH08B0
|h Other scheme
|